000
00311nam a22001337a 4500
008
170519b xxu||||| |||| 00| 0 eng d
020
_a
9780199846177
041
_a
eng
080
_a
94(100)
100
_a
16
101
_a
SHH
245
_a
SOURCES IN PATTERNS OF WORLD HISTORY
_c
GREGORY C.R
942
_2
udc
_c
BK
999
_c
13551
_d
13551